000 00953nam a2200289 4500
001 1977
010 _a9789895762460
021 _aPT
_b547253/25
090 _a1977
100 _a20251118d2025 m||y0pory50030103ba
101 _apor
102 _aPT
200 _aA infantilização da mente moderna
_ecomo as boas intenções e as más ideias estão a preparar uma geração para o fracasso
_fGreg Lukianoff, Jonathan Haidt
_gtrad. Inês Lucas
205 _a1ª edição
210 _aLisboa
_cGuerra e Paz
_d2025
215 _a378, [6] p.
_d23 cm
225 _aOs livros não se rendem
300 _aBMB-Registado
304 _aTít. orig.: The coddling of the American mind
606 _91715
_aPsicologia Social
606 _91441
_aComportamento social
675 _a316.6
_vBMB
_zpor
700 _aLukianoff
_bGreg
_f1974-
_92848
701 _aHaidt
_bJonathan
_f1963-
_4070
_92849
702 _4730
_92850
_aLucas
_bInês
801 _aPT
_bBMB
_gRPC
990 _cLIVROS